[Event "Charlotte Spring Classic 2021"]
[Site "Charlotte"]
[Date "2021.03.27"]
[Round "1.10"]
[White "Dill, James"]
[Black "Graif, William"]
[Result "0-1"]
[WhiteElo "1862"]
[BlackElo "2257"]
[Annotator "TA"]
[PlyCount "60"]
[EventDate "2021.03.22"]
[EventType "swiss"]
[EventCountry "USA"]
[SourceTitle "playchess.com"]
[Source "ChessBase"]
[SourceQuality "1"]

{[%evp 9,60,-32,-29,-39,20,18,18,18,19,9,14,1,1,6,4,10,2,-29,-24,-29,-17,-35,10,-124,-135,-311,-297,-304,-242,-277,-275,-270,-267,-565,-542,-564,-564,-538,-522,-971,-929,-29989,-29986,-1807,-1268,-29988,-1279,-1053,-889,-815,-808,-661,-185]} 1. d4 Nf6 2. c4 e6 3. Nc3 Bb4 4. f3 O-O 5. Bg5 h6 6. Bh4 {E20: Nimzo-Indian: 4 g3 and 4 f3.} Nc6 (6... c5 $15) 7. e4 $11 e5 8. d5 {The position is equal.} Nd4 {[#]} 9. a3 $146 ({Predecessor:} 9. Nge2 c5 10. dxc6 dxc6 11. a3 Be7 12. Bg3 Nxe2 13. Bxe2 Qc7 14. Bf2 Nd7 15. b4 {1-0 (37) Wallin,A (2219)-Popov,V (2583) Tallinn 2019}) 9... Bc5 10. b4 Be7 11. Bg3 d6 12. Nge2 a5 13. Nxd4 exd4 14. Nb5 Nh5 15. Nxd4 (15. Qxd4 $2 Nxg3 16. hxg3 Bf6 $19) 15... Bh4 16. Ne2 (16. Bf2 $1 $11) 16... f5 $17 {Hoping for ...fxe4.} 17. exf5 {White does not recover from this.} (17. Bxh4 $17 Qxh4+ {[%mdl 64] Double Attack} 18. g3 Nxg3 19. Nxg3) 17... Re8 $19 18. Kf2 {Bxh4 would now be nice for White.} Bf6 (18... Bxf5 19. Bxh4 Qxh4+ 20. g3 $15) 19. Rc1 Bb2 ({Don't play} 19... Bxf5 20. Nd4 $17) 20. Rc2 Qf6 {aiming for ...axb4.} ({Much less strong is} 20... Bxa3 21. Nd4 $19) 21. c5 $2 (21. bxa5 Bxf5 22. Rxb2 Qxb2 23. Kg1) 21... Bxf5 22. Rc4 axb4 23. axb4 Ra2 24. cxd6 {If White can now play Kg1 this consolidates a bit.} b5 25. Rxc7 Bd4+ 26. Ke1 Ra1 27. Rc1 Bc3+ (27... Nxg3 $142 28. hxg3 {[#]} Qg5 $1 29. Rh4 Qxg3+ 30. Kd2 Qxh4 31. g4 Qg5+ 32. f4 Rxe2+ $1 {[%mdl 576] Remove Defender} 33. Bxe2 Qxf4+ {[%mdl 64] Double Attack} 34. Ke1 Qg3+ 35. Kd2 Ra2+ 36. Rc2 Qc3+ {[%mdl 64] Double Attack, Pin} 37. Kc1 Ra1# {[%mdl 64] Skewer}) 28. Kf2 {Black is clearly winning.} Rxc1 29. Qxc1 {[#]} Qd4+ $3 {[%mdl 512]} 30. Nxd4 Bxd4+ {Weighted Error Value: White=1.09/Black=0.51} 0-1

[Event "Charlotte Spring Classic 2021"]
[Site "Charlotte"]
[Date "2021.03.27"]
[Round "2.1"]
[White "Wu, Rochelle"]
[Black "Prasanna Raghuram Rao"]
[Result "1-0"]
[WhiteElo "2126"]
[BlackElo "2437"]
[Annotator "ChessBase"]
[PlyCount "77"]
[EventDate "2021.03.22"]
[EventType "swiss"]
[EventCountry "USA"]
[SourceTitle "playchess.com"]
[Source "ChessBase"]
[SourceQuality "1"]
[TimeControl "5400+30"]

1. d4 {[%emt 0:00:00]} Nf6 {[%emt 0:03:44]} 2. Bg5 {[%emt 0:00:00]} d5 {[%emt 0:02:03]} 3. Nd2 {[%emt 0:01:29]} c5 {[%emt 0:01:07]} 4. Bxf6 {[%emt 0:02:34]} gxf6 {[%emt 0:00:11]} 5. dxc5 {[%emt 0:00:10]} e5 {[%emt 0:01:07]} 6. e4 {[%emt 0:00:40]} d4 {[%emt 0:08:21]} 7. Bc4 {[%emt 0:04:03]} Bxc5 {[%emt 0:01:05]} 8. Ne2 {[%emt 0:01:22]} Rg8 {[%emt 0:19:54]} 9. O-O {[%emt 0:16:49]} Bg4 {[%emt 0:04:18]} 10. Kh1 {[%emt 0:03:00]} Nc6 {[%emt 0:00:08]} 11. Nb3 {[%emt 0:00:52]} Bb6 {[%emt 0:00:59]} 12. Qd2 {[%emt 0:01:06]} Be6 {[%emt 0:06:59]} 13. Bxe6 {[%emt 0:01:20]} fxe6 {[%emt 0:00:09]} 14. f4 {[%emt 0:01:00]} Qe7 {[%emt 0:08:17]} 15. f5 {[%emt 0:06:05]} O-O-O {[%emt 0:01:22]} 16. Ng3 {[%emt 0:11:40]} exf5 {[%emt 0:04:29]} 17. Rxf5 {[%emt 0:02:09]} Rg6 {[%emt 0:03:23]} 18. Raf1 {[%emt 0:01:20]} d3 {[%emt 0:05:14]} 19. c3 {[%emt 0:01:12]} a5 {[%emt 0:05:15]} 20. R5f3 {[%emt 0:02:37]} Qd7 {[%emt 0:02:46]} 21. Nc1 {[%emt 0:03:37]} Qg4 {[%emt 0:01:53]} 22. Nxd3 {[%emt 0:03:23]} Qh4 {[%emt 0:05:45]} 23. Qe2 {[%emt 0:05:11]} Ne7 {[%emt 0:01:22]} 24. Nf2 {[%emt 0:12:10]} Kb8 {[%emt 0:02:43]} 25. Nh3 {[%emt 0:01:49]} Ka7 {[%emt 0:02:49]} 26. Rd3 {[%emt 0:01:57]} Rxd3 {[%emt 0:00:51]} 27. Qxd3 {[%emt 0:00:05]} Qg4 {[%emt 0:00:03]} 28. Qf3 {[%emt 0:04:55]} Qe6 {[%emt 0:00:02]} 29. b3 {[%emt 0:00:13]} a4 {[%emt 0:02:41]} 30. Qd3 {[%emt 0:00:47]} Nc6 {[%emt 0:03:38]} 31. Qb5 {[%emt 0:00:18]} axb3 {[%emt 0:00:39]} 32. axb3 {[%emt 0:00:04]} Bc7 {[%emt 0:00:25]} 33. Nf2 {[%emt 0:02:53]} Na5 {[%emt 0:01:30]} 34. Ra1 {[%emt 0:02:08]} Qb6 {[%emt 0:00:11]} 35. Qxb6+ {[%emt 0:00:03]} Kxb6 {[%emt 0:00:01]} 36. Nd3 {[%emt 0:01:28]} Bd6 {[%emt 0:01:01]} 37. Nf5 {[%emt 0:00:14]} Bf8 {[%emt 0:00:03]} 38. Ne3 {[%emt 0:00:07]} Nc6 {[%emt 0:01:47]} 39. Nd5+ {[%emt 0:00:07]} 1-0

[Event "Charlotte Spring Classic 2021"]
[Site "Charlotte"]
[Date "2021.03.27"]
[Round "2.2"]
[White "Ippolito, Dean"]
[Black "Singh, Hersh"]
[Result "1-0"]
[WhiteElo "2369"]
[BlackElo "2131"]
[Annotator "NA"]
[PlyCount "47"]
[EventDate "2021.03.22"]
[EventType "swiss"]
[EventCountry "USA"]
[SourceTitle "playchess.com"]
[Source "ChessBase"]
[SourceQuality "1"]
[TimeControl "5400+30"]

1. d4 {[%emt 0:00:00]} d5 {[%emt 0:00:00]} 2. c4 {[%emt 0:00:00]} e6 {[%emt 0:00:00]} 3. Nf3 {[%emt 0:00:00]} Nf6 {[%emt 0:00:00]} 4. g3 {[%emt 0:00:00]} dxc4 {[%emt 0:00:00]} 5. Bg2 {[%emt 0:00:00]} Nc6 {[%emt 0:00:00]} 6. Qa4 {[%emt 0:00:12]} Bd7 {[%emt 0:00:08]} 7. Qxc4 {[%emt 0:00:07]} Na5 {[%emt 0:00:07]} 8. Qc3 {[%emt 0:00:05]} c5 {[%emt 0:04:07]} 9. Bd2 {[%emt 0:00:38]} Nc6 {[%emt 0:01:18]} 10. dxc5 {[%emt 0:00:21]} Ne4 {[%emt 0:01:07]} 11. Qc2 {[%emt 0:00:21]} Nxc5 {[%emt 0:00:34]} 12. b4 {[%emt 0:00:14]} Na6 {[%emt 0:07:23]} 13. b5 {[%emt 0:00:05]} Ncb4 {[%emt 0:02:33]} 14. Qb2 {[%emt 0:00:07]} Bxb5 {[%emt 0:14:28]} 15. a3 {[%emt 0:01:02]} Qd3 {[%emt 0:19:37]} 16. O-O {[%emt 0:00:25]} Qc2 {[%emt 0:06:12]} 17. Qe5 {[%emt 0:00:26]} Nd5 {[%emt 0:06:56]} 18. Rc1 {[%emt 0:38:14]} Qa4 {[%emt 0:02:54]} 19. Nd4 {[%emt 0:14:58]} Be7 {[%emt 0:07:28]} 20. Nxe6 {[%emt 0:01:52]} fxe6 {[%emt 0:06:00]} 21. Bxd5 {[%emt 0:01:29]} exd5 {[%emt 0:04:24]} 22. Nc3 {[%emt 0:00:42]} Qg4 {[%emt 0:05:52]} 23. Nxb5 {[%emt 0:09:02]} Qe4 {[%emt 0:06:55]} 24. Nd6+ {[%emt 0:00:59]} 1-0

[Event "Charlotte Spring Classic 2021"]
[Site "Charlotte"]
[Date "2021.03.27"]
[Round "2.3"]
[White "Tsyganov, Igor"]
[Black "Sarkar, Justin"]
[Result "1/2-1/2"]
[WhiteElo "2221"]
[BlackElo "2365"]
[Annotator "NA"]
[PlyCount "60"]
[EventDate "2021.03.22"]
[EventType "swiss"]
[EventCountry "USA"]
[SourceTitle "playchess.com"]
[Source "ChessBase"]
[SourceQuality "1"]
[TimeControl "5400+30"]

1. d4 {[%emt 0:02:57]} Nf6 {[%emt 0:01:28]} 2. Nf3 {[%emt 0:00:10]} d5 {[%emt 0:00:29]} 3. c4 {[%emt 0:00:10]} e6 {[%emt 0:00:43]} 4. Nc3 {[%emt 0:00:22]} dxc4 {[%emt 0:01:13]} 5. e3 {[%emt 0:00:26]} a6 {[%emt 0:00:16]} 6. a4 {[%emt 0:00:24]} c5 {[%emt 0:03:03]} 7. Bxc4 {[%emt 0:00:11]} Nc6 {[%emt 0:00:21]} 8. O-O {[%emt 0:00:21]} Qc7 {[%emt 0:00:27]} 9. Qe2 {[%emt 0:05:32]} Bd6 {[%emt 0:00:13]} 10. dxc5 {[%emt 0:02:15]} Bxc5 {[%emt 0:00:09]} 11. e4 {[%emt 0:02:18]} Ng4 {[%emt 0:01:41]} 12. g3 {[%emt 0:03:32]} Nge5 {[%emt 0:01:12]} 13. Nxe5 {[%emt 0:03:45]} Nxe5 {[%emt 0:00:21]} 14. Ba2 {[%emt 0:02:39]} b6 {[%emt 0:19:59]} 15. Bf4 {[%emt 0:01:35]} h6 {[%emt 0:16:27]} 16. Qh5 {[%emt 0:08:31]} g5 {[%emt 0:00:21]} 17. Bxg5 {[%emt 0:07:09]} Nf3+ {[%emt 0:00:18]} 18. Qxf3 {[%emt 0:00:06]} hxg5 {[%emt 0:00:03]} 19. Qf6 {[%emt 0:03:35]} Rg8 {[%emt 0:00:12]} 20. Rfe1 {[%emt 0:10:53]} Be7 {[%emt 0:09:43]} 21. Nd5 {[%emt 0:04:11]} exd5 {[%emt 0:01:50]} 22. exd5 {[%emt 0:00:09]} Kf8 {[%emt 0:07:02]} 23. Qh6+ {[%emt 0:11:47]} Rg7 {[%emt 0:00:07]} 24. Qh8+ {[%emt 0:06:32]} Rg8 {[%emt 0:00:01]} 25. Qh6+ {[%emt 0:00:08]} Rg7 {[%emt 0:00:04]} 26. d6 {[%emt 0:23:22]} Qxd6 {[%emt 0:35:17]} 27. Qh8+ {[%emt 0:00:30]} Rg8 28. Qh5 {[%emt 0:00:30]} Be6 {[%emt 0:01:00]} 29. Bxe6 {[%emt 0:00:30]} fxe6 {[%emt 0:00:30]} 30. Qf3+ Kg7 {[%emt 0:00:30]} 1/2-1/2

[Event "Charlotte Spring Classic 2021"]
[Site "Charlotte"]
[Date "2021.03.27"]
[Round "2.5"]
[White "Espinosa Silva, Pedro"]
[Black "Vigorito, David"]
[Result "1/2-1/2"]
[WhiteElo "1755"]
[BlackElo "2339"]
[Annotator "NA"]
[PlyCount "46"]
[EventDate "2021.03.22"]
[EventType "swiss"]
[EventCountry "USA"]
[SourceTitle "playchess.com"]
[Source "ChessBase"]
[SourceQuality "1"]
[TimeControl "5400+30"]

1. e4 {[%emt 0:00:00]} c5 {[%emt 0:00:00]} 2. Nf3 {[%emt 0:00:00]} d6 {[%emt 0:00:05]} 3. Bb5+ {[%emt 0:00:00]} Nd7 {[%emt 0:00:46]} 4. a4 {[%emt 0:00:12]} Ngf6 {[%emt 0:01:08]} 5. Nc3 {[%emt 0:00:30]} g6 {[%emt 0:01:12]} 6. d4 {[%emt 0:01:12]} cxd4 {[%emt 0:00:47]} 7. Nxd4 {[%emt 0:00:22]} Bg7 {[%emt 0:00:33]} 8. O-O {[%emt 0:01:16]} O-O {[%emt 0:00:31]} 9. Be3 {[%emt 0:00:55]} a6 {[%emt 0:14:06]} 10. Be2 {[%emt 0:01:09]} e6 {[%emt 0:07:00]} 11. Qd2 {[%emt 0:02:30]} Qc7 {[%emt 0:02:38]} 12. a5 {[%emt 0:03:36]} b6 {[%emt 0:01:58]} 13. axb6 {[%emt 0:01:50]} Nxb6 {[%emt 0:00:13]} 14. Ndb5 {[%emt 0:08:47]} axb5 {[%emt 0:01:10]} 15. Bxb6 {[%emt 0:04:02]} Qb8 {[%emt 0:06:04]} 16. Bc7 {[%emt 0:06:59]} Qxc7 {[%emt 0:04:26]} 17. Rxa8 {[%emt 0:00:25]} b4 {[%emt 0:00:10]} 18. Nb5 {[%emt 0:01:48]} Qc6 {[%emt 0:00:21]} 19. Ra7 {[%emt 0:05:33]} Nxe4 {[%emt 0:01:03]} 20. Qxb4 {[%emt 0:01:16]} Qxc2 {[%emt 0:02:07]} 21. Bd1 {[%emt 0:04:30]} Qxb2 {[%emt 0:01:32]} 22. Qxb2 {[%emt 0:04:51]} Bxb2 {[%emt 0:02:15]} 23. Bc2 {[%emt 0:00:31]} d5 {[%emt 0:04:36]} 1/2-1/2

[Event "Charlotte Spring Classic 2021"]
[Site "Charlotte"]
[Date "2021.03.27"]
[Round "2.6"]
[White "Graif, William"]
[Black "Lancman, Kyle"]
[Result "1-0"]
[WhiteElo "2257"]
[BlackElo "1747"]
[Annotator "ChessBase"]
[PlyCount "113"]
[EventDate "2021.03.22"]
[EventType "swiss"]
[EventCountry "USA"]
[SourceTitle "playchess.com"]
[Source "ChessBase"]
[SourceQuality "1"]
[TimeControl "5400+30"]

1. e4 {[%emt 0:04:01]} c5 {[%emt 0:00:00]} 2. Nc3 {[%emt 0:00:08]} g6 {[%emt 0:00:00]} 3. d4 {[%emt 0:00:13]} cxd4 {[%emt 0:00:00]} 4. Qxd4 {[%emt 0:00:21]} Nf6 {[%emt 0:00:09]} 5. Nf3 {[%emt 0:00:08]} Nc6 {[%emt 0:00:38]} 6. Qa4 {[%emt 0:00:06]} d6 {[%emt 0:00:40]} 7. e5 {[%emt 0:00:06]} dxe5 {[%emt 0:02:44]} 8. Nxe5 {[%emt 0:00:09]} Bd7 {[%emt 0:00:07]} 9. Nxd7 {[%emt 0:00:15]} Qxd7 {[%emt 0:04:01]} 10. Be3 {[%emt 0:00:10]} Bg7 {[%emt 0:02:06]} 11. Rd1 {[%emt 0:00:10]} Qg4 {[%emt 0:06:29]} 12. Qb3 {[%emt 0:00:18]} Qb4 {[%emt 0:06:57]} 13. Qxb4 {[%emt 0:16:27]} Nxb4 {[%emt 0:00:08]} 14. Bb5+ {[%emt 0:00:12]} Nc6 {[%emt 0:01:38]} 15. O-O {[%emt 0:01:25]} O-O {[%emt 0:03:10]} 16. Bc5 {[%emt 0:01:29]} Rfe8 {[%emt 0:03:30]} 17. Rfe1 {[%emt 0:01:14]} e6 {[%emt 0:01:45]} 18. Na4 {[%emt 0:21:47]} Rac8 {[%emt 0:09:51]} 19. g3 {[%emt 0:17:54]} Bf8 {[%emt 0:09:21]} 20. c3 {[%emt 0:13:32]} Bxc5 {[%emt 0:13:34]} 21. Nxc5 {[%emt 0:00:02]} Re7 {[%emt 0:03:35]} 22. Rd6 {[%emt 0:06:52]} b6 {[%emt 0:13:48]} 23. Ne4 {[%emt 0:06:13]} Nxe4 {[%emt 0:00:35]} 24. Rxe4 {[%emt 0:00:06]} Rec7 {[%emt 0:05:26]} 25. Rf4 {[%emt 0:03:11]} Nd8 {[%emt 0:03:01]} 26. Kf1 {[%emt 0:03:49]} Nb7 {[%emt 0:01:13]} 27. Rd2 {[%emt 0:00:06]} Rd8 {[%emt 0:01:34]} 28. Rxd8+ {[%emt 0:00:28]} Nxd8 {[%emt 0:00:09]} 29. Rd4 {[%emt 0:00:03]} Nb7 {[%emt 0:08:21]} 30. Ke2 {[%emt 0:02:10]} h5 {[%emt 0:00:00]} 31. Ke3 {[%emt 0:01:37]} Kf8 {[%emt 0:00:00]} 32. Rc4 {[%emt 0:00:41]} Rxc4 {[%emt 0:00:00]} 33. Bxc4 {[%emt 0:00:01]} Ke7 {[%emt 0:00:00]} 34. Kd4 {[%emt 0:00:15]} Kd6 {[%emt 0:00:00]} 35. f4 {[%emt 0:00:14]} a5 {[%emt 0:00:00]} 36. Be2 {[%emt 0:00:46]} Nd8 {[%emt 0:00:15]} 37. Bf3 {[%emt 0:00:55]} f6 {[%emt 0:00:22]} 38. Kc4 {[%emt 0:00:46]} Nf7 {[%emt 0:01:02]} 39. b4 {[%emt 0:00:35]} axb4 {[%emt 0:00:39]} 40. cxb4 {[%emt 0:00:08]} e5 {[%emt 0:00:55]} 41. f5 {[%emt 0:00:48]} gxf5 {[%emt 0:01:49]} 42. Bxh5 {[%emt 0:00:02]} Nh6 {[%emt 0:00:42]} 43. h4 {[%emt 0:00:41]} e4 {[%emt 0:00:36]} 44. a4 {[%emt 0:00:31]} f4 {[%emt 0:00:25]} 45. gxf4 {[%emt 0:00:09]} Nf5 {[%emt 0:00:09]} 46. Bg6 {[%emt 0:00:17]} Nxh4 {[%emt 0:00:08]} 47. Bxe4 {[%emt 0:00:06]} f5 {[%emt 0:00:24]} 48. Bh1 {[%emt 0:01:28]} Ng6 {[%emt 0:00:37]} 49. a5 {[%emt 0:00:14]} bxa5 {[%emt 0:00:16]} 50. bxa5 {[%emt 0:00:06]} Kc7 {[%emt 0:00:39]} 51. Kb5 {[%emt 0:01:10]} Kb8 {[%emt 0:01:29]} 52. Kb6 {[%emt 0:00:08]} Nf8 {[%emt 0:00:14]} 53. Bc6 {[%emt 0:00:35]} Ne6 {[%emt 0:00:47]} 54. a6 {[%emt 0:00:17]} Nc7 {[%emt 0:00:18]} 55. a7+ {[%emt 0:00:23]} Kc8 {[%emt 0:00:21]} 56. a8=Q+ {[%emt 0:00:33]} Nxa8+ {[%emt 0:00:07]} 57. Bxa8 {[%emt 0:00:05]} 1-0

[Event "Charlotte Spring Classic 2021"]
[Site "Charlotte"]
[Date "2021.03.27"]
[Round "2.7"]
[White "Ladan, Nicholas"]
[Black "Titus, Andrew"]
[Result "0-1"]
[WhiteElo "1871"]
[BlackElo "2158"]
[Annotator "NA"]
[PlyCount "60"]
[EventDate "2021.03.22"]
[EventType "swiss"]
[EventCountry "USA"]
[SourceTitle "playchess.com"]
[Source "ChessBase"]
[SourceQuality "1"]
[TimeControl "5400+30"]

1. d4 {[%emt 0:01:50]} d5 {[%emt 0:00:00]} 2. c4 {[%emt 0:00:05]} e6 {[%emt 0:00:00]} 3. Nf3 {[%emt 0:00:06]} Nf6 {[%emt 0:00:00]} 4. g3 {[%emt 0:00:08]} Be7 {[%emt 0:00:00]} 5. Bg2 {[%emt 0:00:06]} O-O {[%emt 0:00:01]} 6. O-O {[%emt 0:00:07]} dxc4 {[%emt 0:00:02]} 7. Qc2 {[%emt 0:00:09]} b5 {[%emt 0:00:09]} 8. a4 {[%emt 0:01:04]} b4 {[%emt 0:02:26]} 9. Nfd2 {[%emt 0:00:45]} c6 {[%emt 0:01:17]} 10. e3 {[%emt 0:04:26]} b3 {[%emt 0:02:33]} 11. Qxc4 {[%emt 0:07:35]} Ba6 {[%emt 0:00:10]} 12. Qxb3 {[%emt 0:00:06]} Bxf1 {[%emt 0:00:18]} 13. Kxf1 {[%emt 0:01:56]} Nbd7 {[%emt 0:02:18]} 14. Na3 {[%emt 0:04:06]} Rb8 {[%emt 0:03:08]} 15. Qc4 {[%emt 0:02:01]} c5 {[%emt 0:09:13]} 16. Nb5 {[%emt 0:00:08]} Nb6 {[%emt 0:11:04]} 17. Qe2 {[%emt 0:01:35]} Qd7 {[%emt 0:02:00]} 18. dxc5 {[%emt 0:08:14]} Bxc5 {[%emt 0:00:40]} 19. Nb3 {[%emt 0:00:17]} Nxa4 {[%emt 0:02:29]} 20. Nxc5 {[%emt 0:01:57]} Nxc5 {[%emt 0:02:09]} 21. Nd4 {[%emt 0:00:55]} Rfc8 {[%emt 0:01:13]} 22. b4 {[%emt 0:01:08]} Rxb4 {[%emt 0:02:12]} 23. Ba3 {[%emt 0:00:40]} Ra4 {[%emt 0:00:59]} 24. Qc2 {[%emt 0:02:09]} e5 {[%emt 0:04:13]} 25. Nc6 {[%emt 0:04:11]} Rxc6 {[%emt 0:01:04]} 26. Bxc6 {[%emt 0:00:20]} Qxc6 {[%emt 0:00:48]} 27. Rd1 {[%emt 0:00:08]} Rxa3 {[%emt 0:01:17]} 28. Rd8+ {[%emt 0:02:36]} Ne8 {[%emt 0:00:01]} 29. Qxc5 {[%emt 0:00:59]} Qxc5 {[%emt 0:00:13]} 30. Rxe8+ {[%emt 0:00:06]} Qf8 {[%emt 0:00:06]} 0-1

[Event "Charlotte Spring Classic 2021"]
[Site "Charlotte"]
[Date "2021.03.27"]
[Round "2.8"]
[White "Kumar, Asha"]
[Black "Wu, Derek"]
[Result "0-1"]
[WhiteElo "1643"]
[BlackElo "2190"]
[Annotator "ChessBase"]
[PlyCount "98"]
[EventDate "2021.03.22"]
[EventType "swiss"]
[EventCountry "USA"]
[SourceTitle "playchess.com"]
[Source "ChessBase"]
[SourceQuality "1"]
[TimeControl "5400+30"]

1. d4 {[%emt 0:00:00]} Nf6 {[%emt 0:00:00]} 2. c4 {[%emt 0:00:00]} g6 {[%emt 0:00:00]} 3. Nc3 {[%emt 0:00:00]} Bg7 {[%emt 0:00:00]} 4. e4 {[%emt 0:00:00]} d6 {[%emt 0:00:08]} 5. Nf3 {[%emt 0:00:00]} O-O {[%emt 0:00:11]} 6. Be2 {[%emt 0:00:01]} e5 {[%emt 0:00:09]} 7. O-O {[%emt 0:00:19]} exd4 {[%emt 0:00:22]} 8. Nxd4 {[%emt 0:00:08]} Re8 {[%emt 0:00:17]} 9. f3 {[%emt 0:01:49]} c6 {[%emt 0:00:15]} 10. Nc2 {[%emt 0:07:04]} Na6 {[%emt 0:00:39]} 11. Bf4 {[%emt 0:04:22]} Nh5 {[%emt 0:17:58]} 12. Bxd6 {[%emt 0:04:31]} Qb6+ {[%emt 0:00:08]} 13. Kh1 {[%emt 0:04:08]} Qxb2 {[%emt 0:06:12]} 14. Na4 {[%emt 0:00:42]} Qf6 {[%emt 0:00:13]} 15. c5 {[%emt 0:04:20]} Nf4 {[%emt 0:03:58]} 16. Bxa6 {[%emt 0:03:55]} bxa6 {[%emt 0:00:26]} 17. Qd2 {[%emt 0:11:15]} g5 {[%emt 0:04:57]} 18. Rae1 {[%emt 0:07:18]} Be6 {[%emt 0:01:37]} 19. Nb4 {[%emt 0:10:55]} Bc4 {[%emt 0:01:49]} 20. Rf2 {[%emt 0:00:42]} Bb5 {[%emt 0:01:06]} 21. e5 {[%emt 0:02:09]} Qf5 {[%emt 0:07:57]} 22. g4 {[%emt 0:04:46]} Qe6 {[%emt 0:02:13]} 23. Nc3 {[%emt 0:01:23]} Rac8 {[%emt 0:05:16]} 24. Nxb5 {[%emt 0:12:30]} axb5 {[%emt 0:00:06]} 25. Re4 {[%emt 0:03:33]} Qg6 {[%emt 0:06:17]} 26. Nd3 {[%emt 0:01:14]} Nd5 {[%emt 0:04:52]} 27. Rfe2 {[%emt 0:00:57]} h5 {[%emt 0:05:05]} 28. h3 {[%emt 0:01:26]} Re6 {[%emt 0:04:17]} 29. Rg2 {[%emt 0:01:34]} h4 {[%emt 0:01:30]} 30. Rge2 {[%emt 0:01:03]} Bh6 {[%emt 0:01:12]} 31. Re1 {[%emt 0:01:05]} Rce8 {[%emt 0:01:36]} 32. Qa5 {[%emt 0:00:49]} f5 {[%emt 0:02:06]} 33. Rd4 {[%emt 0:03:37]} fxg4 {[%emt 0:00:40]} 34. fxg4 {[%emt 0:00:15]} Qf7 {[%emt 0:02:41]} 35. Kg2 {[%emt 0:00:02]} Bf8 {[%emt 0:01:17]} 36. Qd2 {[%emt 0:00:33]} Qg6 {[%emt 0:00:47]} 37. Rf1 {[%emt 0:03:22]} Bg7 {[%emt 0:00:43]} 38. Rf5 {[%emt 0:00:21]} Bh6 {[%emt 0:01:09]} 39. Qf2 {[%emt 0:01:08]} a5 {[%emt 0:01:38]} 40. a3 {[%emt 0:00:06]} Ra8 {[%emt 0:02:34]} 41. Rxd5 {[%emt 0:01:58]} cxd5 {[%emt 0:00:01]} 42. c6 {[%emt 0:00:15]} Bg7 {[%emt 0:02:10]} 43. Nc5 {[%emt 0:00:55]} Rxd6 {[%emt 0:00:37]} 44. exd6 {[%emt 0:00:06]} Qxd6 {[%emt 0:00:01]} 45. Rxg5 {[%emt 0:00:56]} Qxc6 {[%emt 0:00:54]} 46. Qb2 {[%emt 0:00:50]} d4+ {[%emt 0:00:08]} 47. Kg1 {[%emt 0:00:23]} Qf6 {[%emt 0:04:59]} 48. Ne4 {[%emt 0:01:27]} Qe7 {[%emt 0:01:12]} 49. Qxd4 {[%emt 0:00:50]} Qxg5 {[%emt 0:00:30]} 0-1

[Event "Charlotte Spring Classic 2021"]
[Site "Charlotte"]
[Date "2021.03.27"]
[Round "2.9"]
[White "Molner, Mackenzie"]
[Black "Johnson, Donald"]
[Result "0-1"]
[WhiteElo "2448"]
[BlackElo "1881"]
[Annotator "TA"]
[PlyCount "136"]
[EventDate "2021.03.22"]
[EventType "swiss"]
[EventCountry "USA"]
[SourceTitle "playchess.com"]
[Source "ChessBase"]
[SourceQuality "1"]

{[%evp 9,136,16,13,13,36,37,32,37,29,39,30,37,51,51,56,55,75,26,29,33,68,64,71,73,64,68,59,16,23,-8,36,30,65,82,72,79,75,71,58,-126,-116,-112,-112,-114,-127,-230,-242,-257,-248,-254,-257,-248,-177,-205,-151,-152,-149,-255,-259,-304,-311,-331,-331,-322,-193,-296,-278,-273,-297,-282,-281,-272,-268,-268,-267,-256,-246,-245,-230,-239,-235,-242,-229,-254,-231,-225,-203,-233,-227,-223,-215,-287,-287,-285,-285,-281,-274,-258,-198,-559,-541,-527,-423,-497,-460,-524,-439,-641,-628,-624,-611,-760,-760,-745,-584,-767,-767,-767,-752,-752,-745,-738,-738,-722,-719,-697,-690,-603,-365]} 1. e4 c5 2. Nf3 d6 3. Bb5+ Nd7 4. a4 a6 5. Be2 Ngf6 6. Nc3 {B51: Sicilian: Moscow Variation (3 Bb5+) without 3...Bd7.} g6 7. a5 Bg7 8. O-O {White is slightly better.} O-O 9. d3 Nb8 10. e5 dxe5 11. Nxe5 {[#]} Be6 $146 ({Predecessor:} 11... Nc6 12. Nxc6 bxc6 13. Bf3 Qc7 14. Na4 Qd6 15. Nb6 Rb8 16. g3 Nd5 17. Nxc8 Rfxc8 {½-½ (41) Mary,P (2151)-Kroes,F (1914) LSS email 2011}) 12. Bf3 Nbd7 13. Re1 (13. Bf4 {is more complex.} Nxe5 14. Bxe5 Bd5 15. Nxd5 Nxd5 16. Bxg7 Kxg7 17. d4) 13... Nxe5 14. Rxe5 Qc7 15. Bf4 Nh5 {[#]} 16. Rxe6 Nxf4 17. Rb6 Rab8 18. Qe1 Rfd8 19. Qe4 Rd4 (19... Bd4 {feels hotter.} 20. Rxb7 Rxb7 21. Qxb7 Qxb7 22. Bxb7 Rb8) 20. Rxb7 Rxb7 21. Qxb7 Qxb7 22. Bxb7 Rb4 {Threatens to win with ...Bxc3.} 23. Bxa6 Rxb2 24. Bc4 $2 Bxc3 $17 25. a6 {Black must now prevent a7.} Rb8 (25... Rxc2 $2 26. a7 $1 $18 {[%mdl 512]}) 26. a7 Ra8 27. Ra6 (27. Ra3 $17 {was the only defense.} Bb4 28. Ra6) 27... e6 $1 $19 28. Bb5 {[#] And now Bc6 would win.} Ne2+ $1 29. Kf1 Nd4 {[%csl LRb5,LRc2][%mdl 64] Double Attack} 30. Bd7 Kf8 (30... Nxc2 31. Bc6 $17) 31. Bc8 {next Bb7 is good for White.} Nb5 (31... Rxc8 32. Rb6 $17) (31... Nxc2 32. Bb7 $16) 32. Bd7 Nxa7 33. Ke2 (33. Bc6 $17 Nxc6 34. Rxa8+ Ke7 35. Ke2) 33... c4 34. dxc4 {If only White now had time for Bc6....} Bd4 35. c3 Bc5 (35... Bxc3 36. Bc6 $17) 36. Ra5 {[#]} Ke7 $1 37. Bxe6 (37. Rxc5 $142 Kxd7 38. Ra5) 37... Kxe6 38. Rxc5 {[%mdl 4096] Endgame KRN-KR} Rc8 39. Ra5 Nc6 ({Worse is} 39... Rxc4 40. Rxa7 Rxc3 41. Kd2 $11) 40. Ra6 Kd7 41. f4 Nd8 42. Ra4 Ne6 43. Ke3 Rc7 44. g4 Nc5 45. Ra8 Kd6 46. Rh8 Re7+ 47. Kf3 f6 48. h4 Na4 49. Rf8 {[#]} Ke6 ({Resist} 49... Nxc3 50. Rxf6+ Kc5 51. h5) 50. g5 fxg5 ({Weaker is} 50... Nxc3 51. Rxf6+ Kd7 52. h5 $11) 51. hxg5 Nxc3 52. Rf6+ Kd7 53. Ra6 Nb1 {...Nd2+ is the strong threat.} 54. c5 $2 (54. f5 {is more resistant.}) 54... Nd2+ {Black is clearly winning.} 55. Kg4 {and if Rd6+ works, White does fine.} Ne4 56. c6+ Kd6 57. f5 Nc5 58. c7+ (58. Ra8 $142) 58... Kxc7 59. Rf6 Nd7 60. fxg6 hxg6 61. Ra6 Nf8 62. Rf6 Re8 63. Kg3 Kd7 64. Kf4 Ke7 65. Ra6 Ne6+ 66. Kg4 Kf7 67. Ra7+ Re7 68. Ra5 Rc7 {Weighted Error Value: White=0.37/Black=0.11} 0-1